| 000 | 00409nam a22001697a 4500 | ||
|---|---|---|---|
| 003 | NUST | ||
| 020 | _a978-93-513-4284-7 | ||
| 038 | _aKhadija | ||
| 082 |
_a621.815 _bBHA |
||
| 100 |
_aBhandari, V.B. _959935 |
||
| 245 |
_aMachine Design : _bData Book / _cV B Bhandari |
||
| 260 |
_aNew Delhi : _bMcGraw Hill , _c2014. |
||
| 300 |
_aInvp. ; _b24 cm. |
||
| 500 | _aPaperback. | ||
| 563 | _aPB | ||
| 942 |
_cBK _2ddc |
||
| 999 |
_c33687 _d33687 |
||